[Event "GRE-chT 46th"]
[Site "Rio Achaia"]
[Date "2018.07.15"]
[Round "7.11"]
[White "Kyriakidis, Anastasios P"]
[Black "Gavriil, Odysseas Panagiotis"]
[Result "1/2-1/2"]
[WhiteElo "1352"]
[BlackElo "1910"]
[PlyCount "132"]
[EventDate "2018.07.10"]
[EventType "team"]
[EventRounds "7"]
[EventCountry "GRE"]
[SourceTitle "CBM 185 Extra"]
[Source "ChessBase"]
[SourceDate "2018.07.29"]
[SourceVersion "1"]
[SourceVersionDate "2018.07.29"]
[SourceQuality "1"]
[WhiteTeam "Kavalas OFS"]
[BlackTeam "My Mountains"]
[WhiteTeamCountry "GRE"]
[BlackTeamCountry "GRE"]

1. e4 d6 2. d4 Nf6 3. Nc3 c6 4. Nf3 Bg4 5. Be2 Nbd7 6. 0-0 e5 7. dxe5 dxe5 8. a3 Be7 9. Be3 0-0 10. h3 Bh5 11. Nd2 Bxe2 12. Qxe2 b5 13. b4 a5 14. Na2 axb4 15. Nxb4 Qc7 16. c4 c5 17. Nd5 Nxd5 18. exd5 Nb6 19. cxb5 Ra4 20. Qd3 Rd8 21. Ne4 Rxd5 22. Qb1 Rd8 23. Nc3 Ra5 24. Qe4 g6 25. a4 f5 26. Qc2 Kg7 27. Rfd1 Rd4 28. Bd2 Qa7 29. Be3 Rc4 30. Qb3 f4 31. Bd2 f3 32. gxf3 Qb7 33. Kg2 Rd4 34. Be3 c4 35. Qc2 Rh4 36. Rh1 Bb4 37. Bxb6 Qxb6 38. Nd5 Qc5 39. Nxb4 Qxb4 40. Rhb1 Qd6 41. Qc3 Ra8 42. Re1 Qd4 43. Qe3 c3 44. a5 Qxe3 45. fxe3 Rb4 46. b6 Rb5 47. Reb1 Raxa5 48. b7 c2 49. Rxb5 Rxb5 50. Rc1 Rxb7 51. Rxc2 Rb3 52. Kf2 Rb5 53. Kg3 Kf6 54. Rc7 h5 55. Rc6+ Kg5 56. h4+ Kh6 57. Rc4 Kg7 58. Re4 Kf6 59. f4 exf4+ 60. Rxf4+ Rf5 61. Kf3 g5 62. hxg5+ Kxg5 63. Rxf5+ Kxf5 64. Kg3 Ke4 65. Kh4 Kxe3 66. Kxh5 Ke4 1/2-1/2

[Event "GRE-chT 46th"]
[Site "Rio Achaia"]
[Date "2018.07.12"]
[Round "4.15"]
[White "Kyriakidis, Anastasios P"]
[Black "Apostolidis, Angelos"]
[Result "1-0"]
[WhiteElo "1352"]
[BlackElo "1117"]
[PlyCount "131"]
[EventDate "2018.07.10"]
[EventType "team"]
[EventRounds "7"]
[EventCountry "GRE"]
[SourceTitle "CBM 185 Extra"]
[Source "ChessBase"]
[SourceDate "2018.07.29"]
[SourceVersion "1"]
[SourceVersionDate "2018.07.29"]
[SourceQuality "1"]
[WhiteTeam "Kavalas OFS"]
[BlackTeam "Florence FL"]
[WhiteTeamCountry "GRE"]
[BlackTeamCountry "GRE"]

1. d4 d5 2. Bf4 Bf5 3. e3 e6 4. Nf3 Nf6 5. Bd3 Bg6 6. Ne5 Nbd7 7. Nxg6 hxg6 8. 0-0 Nb6 9. Nd2 Bd6 10. Bg3 Bxg3 11. hxg3 0-0 12. c4 c6 13. c5 Nbd7 14. b4 e5 15. b5 exd4 16. exd4 Re8 17. Rb1 Re6 18. Qa4 Qc8 19. Rfc1 Re8 20. bxc6 bxc6 21. Ba6 Qc7 22. Rb7 Qc8 23. Rcb1 Qd8 24. Qxc6 Rb8 25. Qa4 Rxb7 26. Bxb7 Qc7 27. Qxa7 Rb8 28. c6 Nf8 29. Qb6 Ne8 30. Qxc7 Nxc7 31. a4 Nfe6 32. Nf3 Nd8 33. Ne5 Nxb7 34. Rxb7 Rxb7 35. cxb7 Na6 36. Nc6 Kf8 37. b8Q+ Nxb8 38. Nxb8 Ke7 39. Kf1 Kd6 40. Ke2 Kc7 41. Na6+ Kb6 42. Nb4 Ka5 43. Nxd5 Kxa4 44. Ke3 Kb5 45. Ke4 Kc6 46. Ke5 Kd7 47. Nb6+ Ke7 48. d5 Kd8 49. d6 Ke8 50. d7+ Ke7 51. Kd5 g5 52. Kc6 Kd8 53. g4 g6 54. g3 f6 55. f4 f5 56. gxf5 gxf4 57. gxf4 gxf5 58. Nc4 Ke7 59. Kc7 Kf6 60. d8Q+ Kg6 61. Qg5+ Kf7 62. Kd7 Kf8 63. Qe7+ Kg8 64. Ke6 Kh8 65. Kf6 Kg8 66. Qg7# 1-0

[Event "GRE-chT 46th"]
[Site "Rio Achaia"]
[Date "2018.07.11"]
[Round "3.16"]
[White "Tzachristas, Georgios"]
[Black "Kyriakidis, Anastasios P"]
[Result "1/2-1/2"]
[WhiteElo "1191"]
[BlackElo "1352"]
[PlyCount "104"]
[EventDate "2018.07.10"]
[EventType "team"]
[EventRounds "7"]
[EventCountry "GRE"]
[SourceTitle "CBM 185 Extra"]
[Source "ChessBase"]
[SourceDate "2018.07.29"]
[SourceVersion "1"]
[SourceVersionDate "2018.07.29"]
[SourceQuality "1"]
[WhiteTeam "Ioannites Skakiston"]
[BlackTeam "Kavalas OFS"]
[WhiteTeamCountry "GRE"]
[BlackTeamCountry "GRE"]

1. e4 c5 2. Nc3 e6 3. f4 Nc6 4. Nf3 Nge7 5. d3 d5 6. Be2 Qc7 7. 0-0 d4 8. Nb5 Qb8 9. a4 a6 10. Na3 Ng6 11. Nc4 b5 12. axb5 axb5 13. Rxa8 Qxa8 14. Nb6 Qb8 15. Nxc8 Qxc8 16. Qe1 Be7 17. Qg3 Qb8 18. h3 0-0 19. h4 e5 20. f5 Nf4 21. Bd1 Kh8 22. Nxe5 Nxg2 23. Nxf7+ Rxf7 24. Kxg2 Qxg3+ 25. Kxg3 g6 26. Be2 Nb4 27. c3 Nc6 28. fxg6 Rxf1 29. Bxf1 hxg6 30. Bf4 Nd8 31. cxd4 cxd4 32. Be5+ Kg8 33. Bxd4 Nc6 34. Bc3 Bd6+ 35. Kg4 Kf7 36. Be2 Ne5+ 37. Bxe5 Bxe5 38. b3 b4 39. h5 gxh5+ 40. Kxh5 Kf6 41. Kg4 Bd4 42. Kf4 Bc3 43. e5+ Bxe5+ 44. Ke4 Bc3 45. Kd5 Ke7 46. Kc6 Kd8 47. Kc5 Bd2 48. d4 Bc3 49. d5 Bd2 50. d6 Bc3 51. Kc6 Bd2 52. d7 Bc3 1/2-1/2